The penal code of the Egyptian native tribunals : (Record no. 66634)
[ view plain ]
| 000 -LEADER | |
|---|---|
| fixed length control field | 00869nam a2200277 i 4500 |
| 003 - CONTROL NUMBER IDENTIFIER | |
| control field | EG-GICUC |
| 005 - DATE AND TIME OF LATEST TRANSACTION | |
| control field | 20260324182730.0 |
| 008 - FIXED-LENGTH DATA ELEMENTS--GENERAL INFORMATION | |
| fixed length control field | 260324s1906 ua ||||fr|||| 00| 0 eng d |
| 040 ## - CATALOGING SOURCE | |
| Original cataloging agency | EG-GiCUC |
| Language of cataloging | eng |
| Transcribing agency | EG-GiCUC |
| Modifying agency | EG-GiCUC |
| Description conventions | Rda |
| 041 ## - LANGUAGE CODE | |
| Language code of text/sound track or separate title | eng |
| 082 04 - DEWEY DECIMAL CLASSIFICATION NUMBER | |
| Edition number | 21 |
| Classification number | 343.1062 |
| Item number | PE |
| 092 04 - LOCALLY ASSIGNED DEWEY CALL NUMBER (OCLC) | |
| Edition number | 21 |
| 099 ## - LOCAL FREE-TEXT CALL NUMBER (OCLC) | |
| Classification number | Law1 10 343.1062 PE 1906 |
| 245 03 - TITLE STATEMENT | |
| Title | The penal code of the Egyptian native tribunals : |
| Remainder of title | (Translation) / |
| 264 #3 - PRODUCTION, PUBLICATION, DISTRIBUTION, MANUFACTURE, AND COPYRIGHT NOTICE | |
| Place of production, publication, distribution, manufacture | Cairo : |
| Name of producer, publisher, distributor, manufacturer | National Printing Department, |
| Date of production, publication, distribution, manufacture, or copyright notice | 1906. |
| 300 ## - PHYSICAL DESCRIPTION | |
| Extent | 91 pages ; |
| Dimensions | 24 cm. |
| 336 ## - CONTENT TYPE | |
| Source | rda contenu |
| Content type term | texte |
| 337 ## - MEDIA TYPE | |
| Source | rda medias |
| Media type term | Ordinateur |
| 338 ## - CARRIER TYPE | |
| Source | transporteur rda |
| Carrier type term | Ressource en ligne |
| 546 ## - LANGUAGE NOTE | |
| Language note | Text in English |
| 650 1# - SUBJECT ADDED ENTRY--TOPICAL TERM | |
| Topical term or geographic name entry element | Criminal law - Special part |
| Geographic subdivision | Egypt |
| 650 1# - SUBJECT ADDED ENTRY--TOPICAL TERM | |
| Topical term or geographic name entry element | Criminal law |
| 856 40 - ELECTRONIC LOCATION AND ACCESS | |
| Uniform Resource Identifier | <a href="https://fll.law.cu.edu.eg/fulltext/bks/B10-08194.pdf">https://fll.law.cu.edu.eg/fulltext/bks/B10-08194.pdf</a> |
| 905 ## - Cataloger and Reviser Names | |
| Cataloger Name: | Gomana |
| 942 ## - ADDED ENTRY ELEMENTS (KOHA) | |
| Source of classification or shelving scheme | Dewey Decimal Classification |
| Suppress in OPAC | No |
| Koha item type | Books |
| Edition | 21 |
| Withdrawn status | Lost status | Source of classification or shelving scheme | Damaged status | Not for loan | Collection | Home library | Current library | Date acquired | Total checkouts | Full call number | Barcode | Date last seen | Copy number | Price effective from | Koha item type |
|---|---|---|---|---|---|---|---|---|---|---|---|---|---|---|---|
| Dewey Decimal Classification | Not for loan | القانون الجنائي | جــــامعة القــاهرة | مكتبة كلية الحقوق - المبنى الرئيسي | 24.03.2026 | Law1 10 343.1062 PE 1906 1008194 C1 | B10-08194 | 24.03.2026 | 1 | 24.03.2026 | Books | ||||
| Dewey Decimal Classification | القانون الجنائي | جــــامعة القــاهرة | مكتبة كلية الحقوق - المبنى الرئيسي | 23.04.2026 | Law1 10 343.1062 PE 1906 1010294 C2 | B10-10294 | 23.04.2026 | 2 | 23.04.2026 | Books | |||||
| Dewey Decimal Classification | القانون الجنائي | مكتبة كلية الحقوق - فـرع الشيخ زايد | مكتبة كلية الحقوق - المبنى الرئيسي | 27.04.2026 | Law2 10 343.1062 PE 1906 1011699 C3 | B10-11699 | 27.04.2026 | 3 | 27.04.2026 | Books |